Location effects, group effects, and loyalty conflicts: jihadist engagement as a process of circumstantial and constrained involvement (notice n° 1843157)

détails MARC
000 -LEADER
fixed length control field 01177cam a2200157 4500500
005 - DATE AND TIME OF LATEST TRANSACTION
control field 20260329005416.0
041 ## - LANGUAGE CODE
Language code of text/sound track or separate title fre
042 ## - AUTHENTICATION CODE
Authentication code dc
100 10 - MAIN ENTRY--PERSONAL NAME
Personal name Benaïssa, Chaïb
Relator term author
245 00 - TITLE STATEMENT
Title Location effects, group effects, and loyalty conflicts: jihadist engagement as a process of circumstantial and constrained involvement
260 ## - PUBLICATION, DISTRIBUTION, ETC.
Date of publication, distribution, etc. 2025.<br/>
500 ## - GENERAL NOTE
General note 82
520 ## - SUMMARY, ETC.
Summary, etc. As part of a European H2020 research program “Dialogue about Radicalisation and Equality” (DARE), this article examines radicalization trajectories within “Islamist” circles in the Brussels-Capital region. Drawing on a case study rooted in empirical research and an ethnographic survey conducted over several years, it highlights the influence of both local structural factors and circumstantial conditions. Combining a variety of sources, the study analyzes how violent engagement emerges at the intersection of personal trajectory, situational context, and biographical availability.
786 0# - DATA SOURCE ENTRY
Note Ethnologie française | 55 | 2 | 2025-10-02 | p. 217-231 | 0046-2616
856 41 - ELECTRONIC LOCATION AND ACCESS
Uniform Resource Identifier <a href="https://shs.cairn.info/journal-ethnologie-francaise-2025-2-page-217?lang=en&redirect-ssocas=7080">https://shs.cairn.info/journal-ethnologie-francaise-2025-2-page-217?lang=en&redirect-ssocas=7080</a>

Pas d'exemplaire disponible.

PLUDOC

PLUDOC est la plateforme unique et centralisée de gestion des bibliothèques physiques et numériques de Guinée administré par le CEDUST. Elle est la plus grande base de données de ressources documentaires pour les Étudiants, Enseignants chercheurs et Chercheurs de Guinée.

Adresse

627 919 101/664 919 101

25 boulevard du commerce
Kaloum, Conakry, Guinée

Réseaux sociaux

Powered by Netsen Group @ 2025